000 01056nam a2200241 a 4500
001 BRCA_7251
005 20190320205753.0
008 240810s1939----mx-a###f##---#001-0#spa-u
041 _aspa
044 _amx
050 4 _aF1232
_b.B654 1939
245 1 0 _aBoletín del Archivo General de la Nación.
260 _aMéxico
_bAGN
_c1939
300 _a207 p.
_bil., retratos
_c24 cm.
500 _aBoletín inventariado por Banco de México como libro
500 _aNúm. 1, Tomo 10
500 _aP140
501 _aContenido: Vecinos y pueblos de Colima en 1532 .-- Noticias para la historia del antiguo Colegio de San Nicolás de Michoacan .-- La guerra de Texas: causa formada al General Filisola por su retirada en 1836.-- Los extranjeros en Nueva España 1756.-- Índice de Ramo de Tierras (volúmenes 1155 a 1179)(continúa).--Publicaciones recibidas durante los meses de octubre y noviembre del presente año.
610 2 4 _aArchivo General de la Nación (México)
_99882
651 4 _aMéxico
_xHistoria
_9614
902 _aGFM
942 _2lcc
_cB
999 _c6932
_d6932